Management and cost accounting (Record no. 3624)

MARC details
000 -LEADER
fixed length control field 00442nam a22001577a 4500
008 - FIXED-LENGTH DATA ELEMENTS--GENERAL INFORMATION
fixed length control field 250522b |||||||| |||| 00| 0 eng d
020 ## - INTERNATIONAL STANDARD BOOK NUMBER
ISBN 9781844809868
100 ## - MAIN ENTRY--AUTHOR
Author Drurry, Colin
245 ## - TITLE STATEMENT
Title Management and cost accounting
250 ## - EDITION STATEMENT
Edition statement 7th
260 ## - PUBLICATION, DISTRIBUTION, ETC. (IMPRINT)
Place of publication N,P
Name of publisher Cengage learing
Date of publication 2008
300 ## - COLLATION
Pagination xii,775
Other physical details ill.
650 ## - TRACINGS
Main Subject Management accounting-data processing
Subdivision (1st) cost accounting processing
942 ## - ADDED ENTRY ELEMENTS (KOHA)
Item type Books
050 ## - LIBRARY OF CONGRESS CALL NUMBER
Classification number HF5657.4.D77
Item number .D77
Holdings
Source of classification or shelving scheme Not for loan Permanent location Current location Date acquired Accession No. Full call number Barcode. Koha item type
Library of Congress Classification   Samuel Ogbemudia Main Library, University of Abuja Samuel Ogbemudia Main Library, University of Abuja 05/22/2025 2023-61306 HF5657.4.D77 2025-2102 Books